MDQL
is popping MORE tags! Check the
thread
!
Quizzes
Events
Quiz Creation
Community
Videos
Private Events
Remove Ads
Sign In
Join for FREE
Feedback
Dark Mode
Quiz Categories
Sports
Geography
Music
Movies
Television
Just For Fun
Miscellaneous
History
Literature
Language
Science
Gaming
Entertainment
Religion
Holiday
For Kids
Quiz Lab
Recent
Popular Today
Quiz Kudos Today
Editor Picks
Curator Picks
Quizzes by...
Day
Popularity
Type
Ratings
Length
Year
Community
Subscriptions
Recent Discussions
Orange Saloon
Badges
Playlists
Quests
Create
Leaderboards
Showdown
Live 5
Trivia Bingo
Activity
Puzzle Library
Sporcle Events
Private Events
Virtual Trivia
Globe League
Become a Host
Pub Owners
SporcleCon
Opinionation
Our Games
Videos
Blog
Mobile Apps
Partnerships
Remove Ads and Go Orange
Feedback
Music
Pop Music
The Beatles
Song
Album
Lyrics
Bands
Singers
Artist
Clip
Rock
Rap
Classical
Billboard
Country Music
Kpop
Taylor Swift
Music
Pop Music
The Beatles
Song
Album
Lyrics
Bands
Singers
Artist
Clip
Rock
Rap
Classical
Billboard
Country Music
Kpop
Taylor Swift
Random Quiz
Search Sporcle
×
Quiz Lab
Quiz Lab
Music
Italian
Type in answers that appear in a list
Type in answers that appear in a list
Classic
Best Score? Go Orange.
Puccini: 'Va, Tosca' lyrics from the opera Tosca Stats
Can you name the lyrics to Scarpia's 'Va, Tosca' in Puccini's Opera 'Tosca'
By
burnsidevpeale
10m
77 Questions
32 Plays
32 Plays
32 Plays
Comments
Comments
Give Quiz Kudos
Give Quiz Kudos
-
- Ratings
hide this ad
Replay
Link that replays current quiz
Next Quiz
Link to next quiz in quiz playlist
You Got
0%
They Got
Avg Score
64%
Avg Friend Score
Upgrade to see
Score Distribution
Jump to the score distribution portion of the page
Score
0/77
Timer
10:00
0
Plays Today
% Correct
Va,
96.8%
Tosca!
96.8%
Scarpia!
96.8%
Va,
96.8%
Tosca!
96.8%
Scarpia
96.8%
Scarpia!
96.8%
Va,
96.8%
Tosca!
96.8%
Tosca,
96.8%
tuo
90.3%
È
90.3%
tuo
90.3%
tuo
90.3%
è
90.3%
né
87.1%
Nel
80.6%
cuor
80.6%
a
80.6%
nel
80.6%
Nel
80.6%
cuor
80.6%
A
80.6%
mi
80.6%
del
77.4%
s'annida
74.2%
s'annida
74.2%
di
74.2%
al
74.2%
tua
67.7%
gelosia.
67.7%
il
64.5%
il
64.5%
il
64.5%
la
64.5%
la
64.5%
le
64.5%
le
64.5%
falco
61.3%
% Correct
della
61.3%
più
61.3%
braccia...
61.3%
braccia!
61.3%
fai
61.3%
Iddio!
61.3%
mie
58.1%
mie
58.1%
dimenticare
58.1%
che
54.8%
fra
54.8%
fra
54.8%
d'amor
51.6%
l'uno
51.6%
l'altra
51.6%
sospetto!
48.4%
preziosa.
48.4%
capestro,
48.4%
pronto
45.2%
con
45.2%
capo
41.9%
ribelle
41.9%
occhi
41.9%
illanguidir
41.9%
promessa
38.7%
doppia
38.7%
Ah
38.7%
quegli
38.7%
vittoriosi
38.7%
veder
38.7%
fiamma
38.7%
Quanta
35.5%
spasimo
35.5%
mira
32.3%
voler,
32.3%
scioglie
29%
volo
29%
tendo
25.8%
Quiz Playlist
Details
Report
Send in Message
Add To Playlist
Classic:
Type in answers that appear in a list
Quiz Source
Last Updated: Feb 16, 2017
Quiz Scoreboard
CHALLENGE
Sign Up to Join the Scoreboard
Show All
Scores
Hide
Comments
May contain spoilers
Recently Published
5x2 Blitz: Bands
by SL_Kpop136
Music
30s
Colored Red Africa Blitz
by spor1
Geography
30s
Find the 'City' Movie
by crazypaving
Movies
60s
More to Explore
Quiz From the Vault
Featured Blog Post
14 Easter Pick-up Lines to Find Eggs With
hide this ad
You Might Also Like...
Tags
Italian Quiz
aria
Opera
Opera Lyrics
Opera Songs
puccini
Today's Top Quizzes in Music
Browse Music
hide this ad
Today's Top Quizzes in Italian
Browse Italian
Top Contributed Quizzes in Music
1
5X2 Blitz: Bands II
2
Taylor Swift All Songs (2024)
3
Taylor Swift Logic Puzzle II
4
5X2 Blitz: The Beatles
5
5X2 Blitz: Billboard
6
Taylor Swift Logic Puzzle
7
5X2 Blitz: Billboard II
8
5X2 Blitz: Album
9
5X2 Blitz: Singers
10
Music Artist by Three 2010s hits
Explore More
Trending Topics
Disney
NBA
Kpop
Marvel
Anime
Crossword
Harry Potter
The Office
Pokémon
Country
WWE
Puzzle
Soccer
Song
NFL
hide this ad
More By:
burnsidevpeale
Quiz
Plays
Rating
Category
Featured
Created
Richard III Soliloquy
1,684
4.56
Literature
Feb 4, 2012
Hamlet Soliloquy Act I Scene 2
1,258
4.60
Literature
Mar 20, 2012
Shakespeare's Sonnet 29
390
5.00
Literature
Feb 16, 2013
Tolkien's Poem 'Bath-Song'
313
3.83
Literature
Feb 4, 2012
Shakespeare's Sonnet 5
307
5.00
Literature
Dec 15, 2012
Go to Creator's Profile
Score Distribution
Quiz Creator Spotlight
burnsidevpeale
Follow
Send a Message
Quizzes Created
-
Created Quiz Play Count
-
More By This Creator
Popular Quizzes Today
1
Colored Red Africa Blitz
2
Find the 'City' Movie
3
Find the US States - No Outlines Minefield
4
5x2 Blitz: Bands
5
The Countries of the World
6
Find the US States
7
US States
8
9x9 Crossword: Cartoon Network
More Music Quizzes
Chase Atlantic songs
Quiz Lab
Trending Quizzes
Colored Red Europe Blitz I
Colored Red Europe Blitz II
Colored Red Africa Blitz II
Colored Red Europe Blitz III
Colored Red Africa Blitz III
Recently Updated
How Do You Spell That?
pecheneg
Godzilla Movies
pecheneg
Grab Bag: 4-10 Letters
pecheneg
2024 March Madness Bracket
pecheneg
Famous TV Couples
Peacemaker
Champions League XIs: Real Madrid
pecheneg
Largest US Cities 1790-2010
pecheneg
Rides in Walt Disney World
pecheneg
Most Oscar Losses (Acting)
pecheneg
Beyoncé Albums
pecheneg
Trending Topics
Kpop
Harry Potter
Anime
NBA
Crossword
Disney
Marvel
NFL
Country
Puzzle
Song
WWE
The Office
Pokémon
Soccer
Your Account Isn't Verified!
In order to create a playlist on Sporcle, you need to verify the email address you used during registration. Go to your
Sporcle Settings
to finish the process.
Report this User
Report this user for behavior that violates our
Community Guidelines
.
Details:
Send Report
Go to the Sporcle.com Mobile Site →
Comments